Strong religion zealous mediac (Record no. 157520)
[ view plain ]
| 000 -LEADER | |
|---|---|
| fixed length control field | 00678nam a2200229Ia 4500 |
| 003 - CONTROL NUMBER IDENTIFIER | |
| control field | OSt |
| 005 - DATE AND TIME OF LATEST TRANSACTION | |
| control field | 20250704183628.0 |
| 008 - FIXED-LENGTH DATA ELEMENTS--GENERAL INFORMATION | |
| fixed length control field | 210423s2008 xx 000 0 und d |
| 020 ## - INTERNATIONAL STANDARD BOOK NUMBER | |
| International Standard Book Number | 978108344 |
| 040 ## - CATALOGING SOURCE | |
| Transcribing agency | AL |
| 041 ## - LANGUAGE CODE | |
| Language code of text/sound track or separate title | English |
| 082 ## - DEWEY DECIMAL CLASSIFICATION NUMBER | |
| Classification number | 070.1 |
| Item number | THOPS |
| 100 ## - MAIN ENTRY--PERSONAL NAME | |
| Personal name | Pradip Ninan Thomas |
| 9 (RLIN) | 88623 |
| 245 ## - TITLE STATEMENT | |
| Title | Strong religion zealous mediac |
| Remainder of title | : christian fundamentalism and communication in India |
| 260 ## - PUBLICATION, DISTRIBUTION, ETC. | |
| Place of publication, distribution, etc. | New Delhi |
| Name of publisher, distributor, etc. | Sage Publications |
| Date of publication, distribution, etc. | 2008 |
| 300 ## - PHYSICAL DESCRIPTION | |
| Extent | xvii,207p. |
| Other physical details | HB |
| Dimensions | 24.9x16cm. |
| 365 ## - TRADE PRICE | |
| Price amount | 495 |
| Currency code | INR |
| 650 ## - SUBJECT ADDED ENTRY--TOPICAL TERM | |
| Topical term or geographic name entry element | General |
| 9 (RLIN) | 88624 |
| 650 ## - SUBJECT ADDED ENTRY--TOPICAL TERM | |
| Topical term or geographic name entry element | Mass Media |
| 9 (RLIN) | 88625 |
| 906 ## - LOCAL DATA ELEMENT F, LDF (RLIN) | |
| a | media. ; media:christian ; religion ; Strong ; zealous |
| 942 ## - ADDED ENTRY ELEMENTS (KOHA) | |
| Source of classification or shelving scheme | Dewey Decimal Classification |
| Koha item type | Book |
| Withdrawn status | Lost status | Source of classification or shelving scheme | Damaged status | Not for loan | Collection code | Home library | Current library | Date acquired | Source of acquisition | Cost, normal purchase price | Total Checkouts | Full call number | Barcode | Date last seen | Price effective from | Koha item type |
|---|---|---|---|---|---|---|---|---|---|---|---|---|---|---|---|---|
| Dewey Decimal Classification | MAJMC | St Aloysius PG Library | St Aloysius PG Library | 11/27/2009 | Knowledge World | 495.00 | 070.1 THOS | PG003996 | 08/24/2022 | 04/26/2021 | Book |